书目信息 |
| 题名: |
新思路大学英语六级实训教程
|
|
| 作者: | 林明金 主编 ;胡萍英 编著 | |
| 分册: | 写作分册 | |
| 出版信息: | 北京 国防工业出版社 2009.09 |
|
| 页数: | 319页 | |
| 开本: | 21cm | |
| 丛书名: | ||
| 单 册: | ||
| 中图分类: | H310.42 , H315 | |
| 科图分类: | ||
| 主题词: | 英语--ying yu--高等学校--水平考试--自学参考资料 , 英语--ying yu--写作--高等学校--水平考试--自学参考资料 | |
| 电子资源: | ||
| ISBN: | 978-7-118-06508-4 | |
| 000 | 01370nam0 2200301 450 | |
| 001 | 012010483619 | |
| 005 | 20100623163302.10 | |
| 010 | @a978-7-118-06508-4@dCNY19.00 | |
| 100 | @a20100623d2009 em y0chiy0120 ea | |
| 101 | 0 | @achi@aeng |
| 102 | @aCN@b110000 | |
| 105 | @ay a 000yy | |
| 106 | @ar | |
| 200 | 1 | @a新思路大学英语六级实训教程@Axin si lu da xue ying yu liu ji shi xun jiao cheng@i写作分册@d= New perspective college English test: band 6@iWriting@f林明金主编@Flin ming jin zhu bian@g胡萍英编著@Ghu ping ying bian zhu@zeng |
| 210 | @a北京@c国防工业出版社@d2009.09 | |
| 215 | @a319页@d21cm | |
| 300 | @a高等院校英语测试指导类公共选修课教材 | |
| 320 | @a有书目 (第317-318页) | |
| 330 | @a本书依据大学英语六级写作考试要求,收集了考试的最新信息,结合六级写作的教学经验,分析考生经常遇到的写作问题和困难,对症下药,有针对性地给出解决问题的方法,有选择地将部分英语写作的理论、方法和技巧融入解决问题的对策中,归纳提高英语写作水平的实用方法。 | |
| 510 | 1 | @aNew perspective college English test: band 6@iWriting@zeng |
| 606 | 0 | @a英语@Aying yu@x高等学校@x水平考试@j自学参考资料 |
| 606 | 0 | @a英语@Aying yu@x写作@x高等学校@x水平考试@j自学参考资料 |
| 690 | @aH310.42@v4 | |
| 690 | @aH315@v4 | |
| 701 | 0 | @a林明金@Alin ming jin@4主编 |
| 702 | 0 | @a胡萍英@Ahu ping ying@4编著 |
| 801 | 0 | @aCN@bQSSK@c20100623 |
| 905 | @b782197-201@dH310.42@eL512@f5 | |
| 新思路大学英语六级实训教程.写作分册= New perspective college English test: band 6.Writing/林明金主编/胡萍英编著.-北京:国防工业出版社,2009.09 |
| 319页;21cm |
| 高等院校英语测试指导类公共选修课教材 |
| ISBN 978-7-118-06508-4:CNY19.00 |
| 本书依据大学英语六级写作考试要求,收集了考试的最新信息,结合六级写作的教学经验,分析考生经常遇到的写作问题和困难,对症下药,有针对性地给出解决问题的方法,有选择地将部分英语写作的理论、方法和技巧融入解决问题的对策中,归纳提高英语写作水平的实用方法。 |
| ● |
| 相关链接 |
|
|
|
正题名:新思路大学英语六级实训教程
索取号:H310.42/L512
 
预约/预借
| 序号 | 登录号 | 条形码 | 馆藏地/架位号 | 状态 | 备注 |
| 1 | 782197 | 207821972 | 语言库209/504自科库 46排3列2层/ [索取号:H310.42/L512] | 在馆 | |
| 2 | 782198 | 207821981 | 语言库209/209语言库 96排4列6层/ [索取号:H310.42/L512] | 在馆 | |
| 3 | 782199 | 207821990 | 语言库209/209语言库 89排3列5层/ [索取号:H310.42/L512] | 在馆 | |
| 4 | 782200 | 207822007 | 语言库209/504自科库 46排3列2层/ [索取号:H310.42/L512] | 在馆 | |
| 5 | 782201 | 207822016 | 语言库209/209语言库 96排4列6层/ [索取号:H310.42/L512] | 在馆 |